La desinstitucionalización del menor abandonado en Costa Rica.

Saved in:
Bibliographic Details
Main Author: Zeledón, Cristina (autor)
Other Authors: Santos Fernández, Ignacio (autor) (autor)
Format: Book
Language:Español
Subjects:
Tags: Add Tag
No Tags, Be the first to tag this record!

MARC

LEADER 00000cam^a2200000uu^4500
001 000481169
005 20250521000000.0
008 050901s1982^^^^^^^^^^^^rd^r^^000^0^spa^d
009 20260310125018.982
035 |a FCE 000024194 
035 |a FCE 008973 
037 |a Acervo ITESO - Biblioteca 
041 |a spa 
082 0 4 |a 155.413  |b ZELd 
100 |a Zeledón, Cristina  |e (autor) 
245 1 3 |a La desinstitucionalización del menor abandonado en Costa Rica. 
264 |a Costa Rica :  |b UNICEF,  |c 1982. 
300 |a 40 p. 
336 |a texto  |b txt  |2 rdacontenido 
337 |a sin mediación  |b n  |2 rdamedio 
338 |a volumen  |b nc  |2 rdasoporte 
649 |a XX 
650 |a Niño maltratado 
650 |a Estimulación temprana 
650 |a Costa Rica 
700 |a Santos Fernández, Ignacio  |e (autor) 
910 |a Fondo Centro de Estudios Educativos 
920 |a Impresos - Libros 
930 |a Fondos Especiales 
905 |a 133 
901 |a ALE008973  |b IT2  |c CEE  |u 20250521 
902 |a https://opac.biblio.iteso.mx/vufind/Record/000481169